Runner's world

Bibliographic Details
Previous Title:Rodale's runner's world
Format: Electronic Journal
Language:English
Published: Emmaus, PA : Rodale Press, 1987-
Subjects:
Online Access:Full text available from Research Library: 01/01/1992 to 12/31/2000
Full text available from Research Library: 01/01/2018 to present

MARC

LEADER 00000nas a2200000 i 4500
001 ssj0001551
003 WaSeSS
005 20200512172242.0
006 m d
007 cr n
008 050916c19879999paumr pss 0 a0eng c
010 |a  2014202985 
022 |a 2373-7794  |y 0897-1706 
028 0 2 |a RBZ0000732 
035 |a (WaSeSS)ssj0001551 
037 |a RBZ0000732  |b Recorded Books (Zinio) 
040 |a OCLCS  |b eng  |c OCLCS  |d OCLCS  |d U9S  |d OCLCQ  |d AZU  |d AU@  |d TXJ  |d OCLCQ  |d ZQP  |d OCLCO  |d DLC  |d OCLCF  |d RECBK  |d M$K  |d OCLCQ  |d UUM  |d QQ3  |d OCLCQ  |d VT2  |d WaSeSS 
042 |a pcc  |a nsdp 
050 4 |a GV1061  |b .R8336 
082 0 4 |a 796.42/05  |2 20 
130 0 |a Runner's world (Emmaus, Pa. : 1987 : Online) 
222 0 |a Runner's world  |b (Emmaus, Pa. 1987. Online) 
245 1 0 |a Runner's world  |h [electronic resource]. 
246 1 3 |a Runner's world, incorporating the Runner 
260 |a Emmaus, PA :  |b Rodale Press,  |c 1987- 
310 |a Monthly 
362 1 |a Print began in 1987. 
506 |a License restrictions may limit access. 
588 |a Description based on print version record. 
588 |a Latest issue consulted: Volume 49, Number 7 (July 2014) (viewed on publisher's Web site July 1, 2014). 
650 0 |a Running  |v Periodicals. 
650 6 |a Course à pied  |v Périodiques. 
650 7 |a Running.  |2 fast  |0 (OCoLC)fst01101348 
655 0 |a Electronic journals. 
776 1 |t Runner's world (Emmaus, Pa. : 1987)  |x 0897-1706  |w (DLC) 91641519  |w (OCoLC)15809087 
780 0 0 |t Rodale's runner's world 
856 4 0 |z Full text available from Research Library: 01/01/1992 to 12/31/2000  |u https://search.proquest.com/publication/7503 
856 4 0 |z Full text available from Research Library: 01/01/2018 to present  |u https://search.proquest.com/publication/7503